Technology, planning and selfreliant development: a Latin American view (Record no. 353439)

000 -LEADER
fixed length control field 00428cam a22001337a 4500
008 - FIXED-LENGTH DATA ELEMENTS--GENERAL INFORMATION
fixed length control field 180718b1979 xxu||||| |||| 00| 0 eng d
082 ## - DEWEY DECIMAL CLASSIFICATION NUMBER
Classification number T000x8 Sa18
100 ## - MAIN ENTRY--PERSONAL NAME
Personal name Sagasti, F.R.
245 ## - TITLE STATEMENT
Title Technology, planning and selfreliant development: a Latin American view
Statement of responsibility, etc. by F.R. Sagasti
260 ## - PUBLICATION, DISTRIBUTION, ETC.
Place of publication, distribution, etc. New York
Name of publisher, distributor, etc. Praeger
Date of publication, distribution, etc. 1979
300 ## - PHYSICAL DESCRIPTION
Extent 176p.
650 ## - SUBJECT ADDED ENTRY--TOPICAL TERM
Topical term or geographic name entry element Technology - Latin America
650 ## - SUBJECT ADDED ENTRY--TOPICAL TERM
Topical term or geographic name entry element Economic development Latin America
Holdings
Withdrawn status Lost status Damaged status Not for loan Permanent Location Current Location Date acquired Full call number Barcode Date last seen Price effective from Koha item type
        Indian Institute of Public Administration Indian Institute of Public Administration 1993-12-02 T000x8 Sa18 55828 2018-07-21 2018-07-21 Book

Powered by Koha